Implementace CSR do firemní praxe

Charakteristika spoločenskej zodpovednosti podniku. Záväzok manažmentu prijať spoločenskú zodpovednosť (CSR). Zavedenie princípov spoločenskej zodpovednosti do podniku. Identifikácia kľúčových stakeholders. CSR stratégia a jej napĺňanie. Hodnotenie CSR. Komunikácia CSR.

Salvato in:
Dettagli Bibliografici
Autore principale: Kunz, Vilém
Altri autori: Srpová, Jitka
Natura: Capitolo di libro
Lingua:ceco
Soggetti:
Tags: Aggiungi Tag
Nessun Tag, puoi essere il primo ad aggiungerne!!

MARC

LEADER 00000naa$a2200000$$$4500
001 0158470
005 20220713123156.6
041 0 |a cze 
044 |a SK 
245 1 0 |a Implementace CSR do firemní praxe  |c Vilém Kunz, Jitka Srpová 
520 |a Charakteristika spoločenskej zodpovednosti podniku. Záväzok manažmentu prijať spoločenskú zodpovednosť (CSR). Zavedenie princípov spoločenskej zodpovednosti do podniku. Identifikácia kľúčových stakeholders. CSR stratégia a jej napĺňanie. Hodnotenie CSR. Komunikácia CSR. 
610 2 0 |a zodpovednosť podniku spoločenská 
610 2 0 |a podnikanie zodpovedné 
610 2 0 |a podnik 
610 2 0 |a riadenie podnikové 
610 2 0 |a manažment 
610 2 0 |a normy 
610 2 0 |a štandardy 
610 2 0 |a etika 
610 2 0 |a ochrana prostredia životného 
100 1 |a Kunz, Vilém 
700 1 |a Srpová, Jitka